| 000 | 00655nam a22002057a 4500 | ||
|---|---|---|---|
| 003 | 0 | ||
| 005 | 20250930120855.0 | ||
| 008 | 250930b xxu||||| |||| 00| 0 eng d | ||
| 020 | _a978-1-032-35195-7 | ||
| 050 |
_aHD 66 _b.R45 2024 |
||
| 245 |
_aRelational team coaching / _cedited by Erik de Haan and Dorothee Stoffels. |
||
| 260 |
_aNew York, NY : _bRoutledge, _c2024. |
||
| 300 |
_axvi, 233 pages : _billustrations ; _c24 cm. |
||
| 504 | _aIncludes bibliographical references and index. | ||
| 650 | _aTeams in the workplace. | ||
| 650 | _aWork groups. | ||
| 650 |
_aEmployees _xCoaching of. |
||
| 650 | _aOrganizational behavior. | ||
| 942 |
_2lcc _cBK |
||
| 999 |
_c368154 _d368154 |
||